Statystyki dla Bedoes & Lanek - Opowieści Z Doliny Smoków + 2119 EP

Kliknij tutaj aby rozwiązać quiz!

Ogólne statystyki

  • Ten quiz został rozwiązany 45 razy
  • Średni wynik to 12 z 25

Statystyki odpowiedzi

NumerGośćUtwór% Poprawnych
3Opowieści Z Doliny Smoków
90%
11998 (mam to we krwi
85%
8Smoki
83%
10Lesbijki
66%
12Kuqe 2115Łzy (pierwszy kawałek na płycie)
66%
5Kosa i White 2115Wschód (lubię zapierdalać)
63%
11Malik MontanaFresh Prince (trill 4ever)
59%
7Mr. PolskaPolaco (to też)
59%
13Jesteś Ładniejsza Niż Na Zdjęciach (na zawsze)
56%
15BlachaPlayboy (dla Lanka)
56%
9VOGUE
56%
Bonus TrackFPS
54%
2Białas i Taco HemingwaySAUVAGE
54%
4DJ JohnyBrzydkie Rzeczy
51%
Bonus TrackKuqe 2115 i Flexxy 2115Hardcore Pleasure
49%
17PressaMichelangelo
49%
Bonus TrackNadchodzi Lato
46%
14Smxkey NunnoFendi (poznaliśmy się w studio)
44%
6Anarchia 2019 (zawsze chciałem to zrobić)
41%
16Gdzie Jest Eis? (to dla Was)
41%
5European Love
15%
3Taco HemingwayLost
15%
4Kold Nights
12%
2Faded
10%
2119 EP 1Brixton Killin
0%

Rozkład punktacji

Percentyl według liczby udzielonych odpowiedzi

Procent ludzi z każdym wynikiem

Twoja historia wyników

Nie rozwiązałeś tego quizu